Ottoman Empire...or Turkey - Statistics

General Stats
  • This quiz has been taken 2,730 times
  • The average score is 11 of 15
Answer Stats
Question Answer % Correct
Currently in existence. Turkey
99%
A member of NATO. Turkey
99%
Besieged Vienna. Ottoman Empire
98%
The ruler a sultan. Ottoman Empire
95%
The region Anatolia as part of the country. Both
91%
Was a member of the Central Powers. Ottoman Empire
87%
Constantinople as the capital city. Ottoman Empire
82%
The official language Turkish. Both
73%
A bird was named after it. Turkey
59%
Flag with a crescent and 5 point star. Both
54%
Government is or was at some time a constitutional monarchy. Ottoman Empire
53%
All 7 Ancient Wonders of the world within the borders of the country. Ottoman Empire
53%
The nation with the larger population. Turkey
41%
Islam always being the official religion. Ottoman Empire
37%
Participated in World War 2. Turkey
33%
No matching quizzes found
Score Distribution
Percent of People with Each Score
Percentile by Number Answered
Your Score History
You have not taken this quiz